[Event "Adelboden Swiss Alpine op"]
[Site "Adelboden"]
[Date "2023.11.25"]
[Round "2"]
[White "Tillmann, Marc"]
[Black "Sofrigin, Alexej"]
[Result "1/2-1/2"]
[WhiteElo "1828"]
[BlackElo "2214"]
[PlyCount "46"]
[EventDate "2023.11.24"]
[EventType "swiss"]
[EventRounds "5"]
[EventCountry "SUI"]
[SourceTitle "CB50_2023"]
[SourceDate "2023.12.13"]
[SourceVersion "1"]
[SourceVersionDate "2023.12.13"]
[SourceQuality "1"]

1. d4 Nf6 2. c4 e6 3. Nc3 Bb4 4. e3 0-0 5. Bd3 c5 6. Nge2 d5 7. a3 cxd4 8. exd4 dxc4 9. Bxc4 Be7 10. Bf4 a6 11. d5 exd5 12. Nxd5 Nxd5 13. Bxd5 Qb6 14. Qb3 Qxb3 15. Bxb3 Bf6 16. 0-0-0 Nc6 17. Rhe1 Bf5 18. Ng3 Bg6 19. Bc2 Rac8 20. Bxg6 fxg6 21. Be3 Ne5+ 22. Kb1 Nc4 23. Bc1 Rfd8 1/2-1/2

[Event "Adelboden Swiss Alpine op"]
[Site "Adelboden"]
[Date "2023.11.24"]
[Round "1"]
[White "Eccleston, Bryony"]
[Black "Tillmann, Marc"]
[Result "0-1"]
[WhiteElo "1181"]
[BlackElo "1828"]
[PlyCount "118"]
[EventDate "2023.11.24"]
[EventType "swiss"]
[EventRounds "5"]
[EventCountry "SUI"]
[SourceTitle "CB50_2023"]
[SourceDate "2023.12.13"]
[SourceVersion "1"]
[SourceVersionDate "2023.12.13"]
[SourceQuality "1"]

1. e4 e6 2. d4 d5 3. e5 c5 4. c3 Qb6 5. Nf3 Nc6 6. Bd3 cxd4 7. cxd4 Bd7 8. 0-0 Nxd4 9. Nbd2 Bc5 10. b4 Nxf3+ 11. Nxf3 Bxb4 12. Rb1 Qa5 13. Qb3 Bc5 14. Qxb7 Rc8 15. Bd2 Qd8 16. Rfc1 Ne7 17. Bb5 Rc7 18. Qa6 Bb6 19. Rxc7 Qxc7 20. Rc1 Qd8 21. Qa4 Bxb5 22. Qxb5+ Qd7 23. Qb3 0-0 24. Qb4 Ng6 25. a4 Rb8 26. Be3 h6 27. a5 Bc7 28. Qc3 Bd8 29. Bxa7 Qxa7 30. Ra1 Qa6 31. h3 Rb5 32. Nd4 Rxa5 33. Rxa5 Qxa5 34. Qxa5 Bxa5 35. Nc6 Bc3 36. g3 Nxe5 37. Na7 d4 38. Nb5 Bb2 39. Kf1 d3 40. Ke1 Nf3+ 41. Kd1 f5 42. h4 g5 43. h5 Bd4 44. Nxd4 Nxd4 45. Kd2 Nf3+ 46. Kxd3 e5 47. Ke3 g4 48. Kd3 Kf7 49. Kc4 Ke6 50. Kd3 Kd5 51. Ke3 Kc4 52. Ke2 f4 53. gxf4 exf4 54. Kf1 Kd3 55. Kg2 Ng5 56. Kh2 Ke2 57. Kg2 Ne4 58. Kg1 f3 59. Kh2 g3+ 0-1

[Event "Arco op 41st"]
[Site "Arco"]
[Date "2019.10.10"]
[Round "7"]
[White "Tillmann, Marc"]
[Black "Caruso, Daniele"]
[Result "1-0"]
[WhiteElo "1840"]
[BlackElo "1989"]
[PlyCount "75"]
[EventDate "2019.10.04"]
[EventType "swiss"]
[EventRounds "9"]
[EventCountry "ITA"]
[SourceTitle "EXT 2020"]
[Source "ChessBase"]
[SourceDate "2019.10.17"]
[SourceVersion "1"]
[SourceVersionDate "2019.10.17"]
[SourceQuality "1"]

1. d4 Nf6 2. c4 e6 3. Nc3 Bb4 4. Qc2 d5 5. e3 0-0 6. Nf3 c5 7. a3 cxd4 8. exd4 Be7 9. cxd5 exd5 10. Bd3 Nc6 11. h3 Re8 12. 0-0 Be6 13. Bf4 Rc8 14. Rfe1 h6 15. Rad1 a6 16. Bf5 Bxf5 17. Qxf5 b5 18. Ne5 b4 19. axb4 Nxb4 20. Re3 Bd6 21. Rg3 Kf8 22. Nxf7 Kxf7 23. Qg6+ Ke6 24. Re1+ Kd7 25. Qxg7+ Kc6 26. Rxe8 Nxe8 27. Qxh6 Kb7 28. Bxd6 Nxd6 29. Rg6 Nc4 30. Na4 Rc6 31. Qh7+ Rc7 32. Nc5+ Ka7 33. Rg7 Rxg7 34. Qxg7+ Kb6 35. Qb7+ Ka5 36. b3 Na3 37. Qa7 Qf6 38. Nb7+ 1-0

[Event "Basel op"]
[Site "Basel"]
[Date "2016.01.02"]
[Round "2"]
[White "Kopylov, Michael"]
[Black "Tillmann, Marc"]
[Result "1-0"]
[WhiteElo "2406"]
[BlackElo "2041"]
[PlyCount "63"]
[EventDate "2016.01.01"]
[EventType "swiss"]
[EventRounds "7"]
[EventCountry "SUI"]
[SourceTitle "CBM 170 Extra"]
[Source "ChessBase"]
[SourceDate "2016.02.25"]
[SourceVersion "1"]
[SourceVersionDate "2016.02.25"]
[SourceQuality "1"]

1. d4 Nf6 2. c4 e6 3. g3 c5 4. Nf3 d5 5. Bg2 Nc6 6. 0-0 Be7 7. cxd5 exd5 8. dxc5 Bxc5 9. Nc3 Be6 10. Na4 Be7 11. Be3 0-0 12. Rc1 Rc8 13. Nd4 Nxd4 14. Bxd4 Rxc1 15. Qxc1 b6 16. Nc3 Qd7 17. Rd1 Rc8 18. Qf4 Rd8 19. Bxf6 Bxf6 20. Nxd5 Bxd5 21. Bxd5 Qe7 22. e4 Rc8 23. b3 g6 24. Bc4 Be5 25. Bxf7+ Kg7 26. Qg4 Rc7 27. Bc4 h5 28. Qe2 Qf6 29. Kg2 Qc6 30. Rd5 Bf6 31. f4 Re7 32. Qd3 1-0

[Event "Basel op"]
[Site "Basel"]
[Date "2016.01.01"]
[Round "1"]
[White "Tillmann, Marc"]
[Black "Andre, Gordon"]
[Result "1/2-1/2"]
[WhiteElo "2041"]
[BlackElo "2261"]
[PlyCount "83"]
[EventDate "2016.01.01"]
[EventType "swiss"]
[EventRounds "7"]
[EventCountry "SUI"]
[SourceTitle "CBM 170 Extra"]
[Source "ChessBase"]
[SourceDate "2016.02.25"]
[SourceVersion "1"]
[SourceVersionDate "2016.02.25"]
[SourceQuality "1"]

1. d4 Nf6 2. c4 g6 3. Nc3 Bg7 4. e4 0-0 5. Be2 d6 6. Bg5 h6 7. Be3 e5 8. d5 a5 9. Qd2 Kh7 10. f3 Na6 11. g4 Nd7 12. h4 f5 13. gxf5 gxf5 14. 0-0-0 Ndc5 15. Nh3 f4 16. Bxc5 Nxc5 17. Rdg1 Bd7 18. Nf2 Bf6 19. h5 Rg8 20. Nd3 Nxd3+ 21. Bxd3 Qe7 22. Kb1 a4 23. a3 Rg5 24. Rxg5 Bxg5 25. Qh2 c6 26. Rg1 Bh4 27. Ne2 Bg5 28. Nc3 c5 29. Bf1 Be8 30. Bh3 Kh8 31. Bf5 Rb8 32. Nb5 Bxb5 33. cxb5 Qe8 34. Qh3 Qxb5 35. Bd7 Qd3+ 36. Ka1 c4 37. Rxg5 c3 38. Rg2 Qd1+ 39. Ka2 Qb3+ 40. Kb1 Qd1+ 41. Ka2 Qb3+ 42. Kb1 1/2-1/2

[Event "W-ch Disabled"]
[Site "Dresden"]
[Date "2015.10.18"]
[Round "1"]
[White "Smirnov, Alexey1111"]
[Black "Tillmann, Marc"]
[Result "1-0"]
[WhiteElo "2446"]
[BlackElo "2039"]
[PlyCount "61"]
[EventDate "2015.10.18"]
[EventType "swiss"]
[EventRounds "7"]
[EventCountry "GER"]
[SourceTitle "CBM 168 Extra"]
[Source "ChessBase"]
[SourceDate "2015.10.29"]
[SourceVersion "1"]
[SourceVersionDate "2015.10.29"]
[SourceQuality "1"]

1. d4 e6 2. c4 Nf6 3. Nc3 c5 4. d5 exd5 5. cxd5 d6 6. e4 g6 7. Nf3 Bg7 8. Nd2 0-0 9. Be2 Na6 10. 0-0 Nc7 11. a4 Re8 12. f4 b6 13. Re1 Rb8 14. Bf3 Ba6 15. Nf1 Nd7 16. Ne3 Bd4 17. Kh1 Nf6 18. Qc2 Qd7 19. Bd2 Re7 20. h3 Rbe8 21. Kh2 h5 22. Rad1 Bxc3 23. Bxc3 Nxe4 24. Bxe4 Rxe4 25. Ng4 hxg4 26. Rxe4 gxh3 27. Rxe8+ Qxe8 28. Qf2 Qe4 29. gxh3 Kf8 30. Re1 Qxd5 31. Qh4 1-0

[Event "Adelboden op 1st"]
[Site "Adelboden"]
[Date "2013.12.15"]
[Round "5"]
[White "Lenhardt, Manfred"]
[Black "Tillmann, Marc"]
[Result "1/2-1/2"]
[WhiteElo "2116"]
[BlackElo "1946"]
[PlyCount "107"]
[EventDate "2013.12.13"]
[EventType "swiss"]
[EventRounds "5"]
[EventCountry "SUI"]
[SourceTitle "CBM 158 Extra"]
[Source "ChessBase"]
[SourceDate "2014.02.28"]
[SourceVersion "1"]
[SourceVersionDate "2014.02.28"]
[SourceQuality "1"]

1. d4 e6 2. g3 d5 3. Bg2 c5 4. Nf3 Nc6 5. 0-0 Nf6 6. b3 cxd4 7. Nxd4 Bc5 8. Bb2 0-0 9. Nxc6 bxc6 10. Nd2 Re8 11. e4 e5 12. h3 Qb6 13. Qf3 Ba6 14. Rfe1 d4 15. Bf1 Bb4 16. c3 dxc3 17. Bxc3 Bxf1 18. Kxf1 Bxc3 19. Qxc3 Rad8 20. Nc4 Qd4 21. Qxd4 Rxd4 22. f3 Nd7 23. Rac1 f6 24. Red1 c5 25. Ke2 Re6 26. Ne3 Ra6 27. Rc2 g6 28. Nd5 Kf7 29. Nc3 Rad6 30. Rdc1 a6 31. Na4 f5 32. exf5 gxf5 33. Nb2 e4 34. fxe4 Rxe4+ 35. Kf2 Ke6 36. Re1 Rdd4 37. Rxe4+ fxe4 38. Ke2 Kd5 39. Nc4 Rd3 40. Ne3+ Ke5 41. Rc4 Rd4 42. Rc3 Ke6 43. Rc1 Rd3 44. g4 Kd6 45. Rf1 Ke6 46. Rf4 Ke5 47. Rf7 Nf6 48. g5 Nh5 49. Rf5+ Ke6 50. Rxc5 Nf4+ 51. Kf2 Nxh3+ 52. Ke2 Nf4+ 53. Kf2 Nh3+ 54. Ke2 1/2-1/2

[Event "W-ch Disabled"]
[Site "Dresden"]
[Date "2013.10.28"]
[Round "7"]
[White "Tillmann, Marc"]
[Black "Napierala, Malgorzata"]
[Result "0-1"]
[WhiteElo "1972"]
[BlackElo "1737"]
[PlyCount "116"]
[EventDate "2013.10.22"]
[EventType "swiss"]
[EventRounds "7"]
[EventCountry "GER"]
[SourceTitle "CBM 157 Extra"]
[Source "ChessBase"]
[SourceDate "2013.12.19"]
[SourceVersion "1"]
[SourceVersionDate "2013.12.19"]
[SourceQuality "1"]

1. d4 d5 2. c4 c6 3. Nc3 Nf6 4. Nf3 g6 5. Bg5 Bg7 6. e3 h6 7. Bh4 0-0 8. Bd3 Na6 9. cxd5 Nxd5 10. Rc1 Nac7 11. 0-0 Nxc3 12. bxc3 Nd5 13. c4 Nb6 14. Qc2 Bg4 15. Ne5 Bxe5 16. dxe5 Qe8 17. h3 Be6 18. f4 Rd8 19. g4 f5 20. exf6 exf6 21. Bxg6 Qe7 22. Qe4 Rd7 23. Rf3 Nxc4 24. Rxc4 Bd5 25. Qc2 Bxf3 26. e4 Qd6 27. Bf5 Rg7 28. Kf2 Bd1 29. Qc1 Qd3 30. Rc3 Qe2+ 31. Kg1 h5 32. Re3 Qc2 33. Qxc2 Bxc2 34. Kf2 hxg4 35. hxg4 Bd1 36. g5 fxg5 37. Bxg5 Bg4 38. Bh6 Bxf5 39. Bxg7 Kxg7 40. exf5 Rxf5 41. Kf3 Kf6 42. Rb3 Rb5 43. Rd3 Rb2 44. a3 a5 45. Ke4 Re2+ 46. Kf3 Rc2 47. Rb3 b5 48. Ke3 Rc4 49. Rd3 Kf5 50. Rd6 b4 51. axb4 axb4 52. Rh6 Rc3+ 53. Kd2 c5 54. Rh4 c4 55. Rh8 Kxf4 56. Rb8 Rd3+ 57. Kc2 b3+ 58. Kc1 Ke3 0-1

[Event "W-ch Disabled"]
[Site "Dresden"]
[Date "2013.10.23"]
[Round "2"]
[White "Mende, Holger"]
[Black "Tillmann, Marc"]
[Result "0-1"]
[WhiteElo "1730"]
[BlackElo "1972"]
[PlyCount "84"]
[EventDate "2013.10.22"]
[EventType "swiss"]
[EventRounds "7"]
[EventCountry "GER"]
[SourceTitle "CBM 157 Extra"]
[Source "ChessBase"]
[SourceDate "2013.12.19"]
[SourceVersion "1"]
[SourceVersionDate "2013.12.19"]
[SourceQuality "1"]

1. d4 Nf6 2. c4 g6 3. Nc3 Bg7 4. e4 d6 5. Nf3 0-0 6. Be2 e5 7. dxe5 dxe5 8. Bg5 Nbd7 9. h3 c6 10. 0-0 Qc7 11. Qc2 Re8 12. Rad1 Nf8 13. c5 Ne6 14. Be3 Nd7 15. b4 b6 16. cxb6 Nxb6 17. a3 Bb7 18. Rc1 Rac8 19. Rfd1 Red8 20. Ne1 Nd4 21. Qb2 Qe7 22. f3 Rc7 23. Qa2 Rcd7 24. Bf1 Qh4 25. Bc4 Nxc4 26. Qxc4 Qg3 27. Bxd4 exd4 28. Ne2 Qh4 29. Nd3 Rd6 30. Nc5 Bc8 31. Rd3 Bh6 32. f4 Qe7 33. Rf1 Be6 34. Nxe6 Qxe6 35. Qxe6 fxe6 36. e5 R6d7 37. g3 Bf8 38. Rc1 c5 39. bxc5 Rc7 40. Rxd4 Rxd4 41. Nxd4 Rxc5 42. Rxc5 Bxc5 0-1

[Event "IPCA Wch-A 13th"]
[Site "Velke Losiny"]
[Date "2013.06.23"]
[Round "7"]
[White "Zavarsky, Juraj"]
[Black "Tillmann, Marc"]
[Result "0-1"]
[WhiteElo "1991"]
[BlackElo "2008"]
[PlyCount "58"]
[EventDate "2013.06.18"]
[EventType "swiss"]
[EventRounds "9"]
[EventCountry "CZE"]
[SourceTitle "CBM 155 Extra"]
[Source "ChessBase"]
[SourceDate "2013.08.26"]
[SourceVersion "1"]
[SourceVersionDate "2013.08.26"]
[SourceQuality "1"]

1. Nf3 Nf6 2. g3 g6 3. Bg2 Bg7 4. d3 0-0 5. e4 d6 6. 0-0 Nc6 7. c3 e5 8. Re1 Re8 9. Nbd2 d5 10. Qc2 h6 11. Nf1 Be6 12. b3 Qd7 13. Bb2 Rad8 14. Rad1 Bh3 15. Bh1 Qe6 16. Ne3 d4 17. cxd4 exd4 18. Nd5 Nxd5 19. exd5 Qxd5 20. Nh4 Qa5 21. Re4 g5 22. Nf3 Rxe4 23. dxe4 Bg4 24. a3 d3 25. Qc1 Bxb2 26. Qxb2 Ne5 27. b4 Qa4 28. Nxe5 Qxd1+ 29. Kg2 Be2 0-1

[Event "IPCA Wch-A 13th"]
[Site "Velke Losiny"]
[Date "2013.06.19"]
[Round "3"]
[White "Moskvin, Anatoly"]
[Black "Tillmann, Marc"]
[Result "1-0"]
[WhiteElo "1796"]
[BlackElo "2008"]
[PlyCount "94"]
[EventDate "2013.06.18"]
[EventType "swiss"]
[EventRounds "9"]
[EventCountry "CZE"]
[SourceTitle "CBM 155 Extra"]
[Source "ChessBase"]
[SourceDate "2013.08.26"]
[SourceVersion "1"]
[SourceVersionDate "2013.08.26"]
[SourceQuality "1"]

1. e4 e6 2. d3 d5 3. Qe2 dxe4 4. dxe4 Nf6 5. g3 Be7 6. Bg2 0-0 7. Nf3 b6 8. c4 Bb7 9. Nfd2 Nc6 10. Nb3 Nb4 11. 0-0 c6 12. Rd1 Qc7 13. a3 Na6 14. Nc3 Rad8 15. Be3 e5 16. Rac1 Bc8 17. h3 Be6 18. Nd2 Rd7 19. b4 Nb8 20. f4 g6 21. f5 gxf5 22. exf5 Bxf5 23. Nde4 Bg6 24. Bh6 Rfd8 25. Rf1 Nxe4 26. Bxe4 Qd6 27. Qg4 Qd4+ 28. Kh2 Qxc4 29. Bxg6 Qxg4 30. Bxf7+ Kh8 31. hxg4 Rd4 32. Rcd1 R8d6 33. g5 Nd7 34. Rxd4 Rxd4 35. Rd1 Rxd1 36. Nxd1 e4 37. Ne3 Ne5 38. Be6 Nf3+ 39. Kg2 Nxg5 40. Bh3 Nf3 41. Nf5 Bf6 42. Nd6 Nd4 43. Bd7 Bg7 44. Bxg7+ Kxg7 45. Nc8 a5 46. Nxb6 axb4 47. axb4 Nc2 1-0

[Event "Basel Hilton op 15th"]
[Site "Basel"]
[Date "2013.01.01"]
[Round "1"]
[White "Faibisovich, Vadim Z"]
[Black "Tillmann, Marc"]
[Result "1-0"]
[WhiteElo "2349"]
[BlackElo "1999"]
[PlyCount "101"]
[EventDate "2013.01.01"]
[EventType "swiss"]
[EventRounds "7"]
[EventCountry "SUI"]
[SourceTitle "CBM 152 Extra"]
[Source "ChessBase"]
[SourceDate "2013.02.25"]
[SourceVersion "1"]
[SourceVersionDate "2013.02.25"]
[SourceQuality "1"]

1. e4 e6 2. d4 d5 3. Nd2 Nf6 4. e5 Nfd7 5. f4 c5 6. c3 Nc6 7. Ndf3 cxd4 8. cxd4 Bb4+ 9. Bd2 Qb6 10. Ne2 0-0 11. Bxb4 Qxb4+ 12. Qd2 Qxd2+ 13. Kxd2 Nb6 14. b3 Bd7 15. Nc3 a6 16. Be2 Rac8 17. Rac1 Rc7 18. Nb1 Rfc8 19. Rc3 Na7 20. Rhc1 Rxc3 21. Nxc3 Kf8 22. Ne1 Ke7 23. Nd3 Bc6 24. Nc5 Nd7 25. Nd1 Nxc5 26. Rxc5 Kd7 27. a4 h6 28. Ne3 b6 29. Rc3 Bb7 30. Rxc8 Bxc8 31. f5 Nc6 32. Kc3 Ke7 33. b4 a5 34. b5 Nb4 35. g4 f6 36. Bd3 Nxd3 37. Kxd3 Kf7 38. h4 g6 39. fxg6+ Kxg6 40. Ng2 Bd7 41. Nf4+ Kf7 42. exf6 Kxf6 43. Ke3 Be8 44. h5 Bf7 45. Nd3 Bg8 46. Ne5 Ke7 47. Kf4 Bh7 48. g5 hxg5+ 49. Kxg5 Bc2 50. h6 Bf5 51. Ng6+ 1-0

[Event "Lugano op 15th"]
[Site "Lugano"]
[Date "2012.11.03"]
[Round "5"]
[White "Tillmann, Marc"]
[Black "Mastrorilli, Nicola Giovanni"]
[Result "0-1"]
[WhiteElo "1993"]
[BlackElo "1968"]
[PlyCount "112"]
[EventDate "2012.11.01"]
[EventType "swiss"]
[EventRounds "7"]
[EventCountry "SUI"]
[SourceTitle "EXT 2013"]
[Source "ChessBase"]
[SourceDate "2012.11.22"]
[SourceVersion "1"]
[SourceVersionDate "2012.11.22"]
[SourceQuality "1"]

1. d4 Nf6 2. Nf3 e6 3. c4 c5 4. d5 exd5 5. cxd5 d6 6. Nc3 g6 7. e4 Bg7 8. Bd3 0-0 9. 0-0 Bg4 10. h3 Bxf3 11. Qxf3 Nbd7 12. Bf4 Ne5 13. Bxe5 dxe5 14. Rab1 Rc8 15. Qe2 Ne8 16. a4 a6 17. Nd1 f5 18. f3 fxe4 19. fxe4 Rxf1+ 20. Qxf1 Bh6 21. Qf2 Qg5 22. Nc3 Qe3 23. Qxe3 Bxe3+ 24. Kh2 Nd6 25. Rf1 Kg7 26. Ne2 Rf8 27. Rxf8 Kxf8 28. b3 Ke7 29. g4 Kd7 30. h4 Kc7 31. h5 b5 32. axb5 axb5 33. hxg6 hxg6 34. Kg3 Kb6 35. Kf3 Bh6 36. Ng1 c4 37. bxc4 bxc4 38. Bc2 Kc5 39. Ke2 Nb5 40. Kd1 Kb4 41. Nf3 Bf4 42. Nd2 Kc3 43. Nb1+ Kb2 44. Ba4 c3 45. Bc2 Bg5 46. Bd3 Nd6 47. Nxc3 Kxc3 48. Ke2 Kd4 49. Bc2 Nxe4 50. d6 Nc3+ 51. Kf2 e4 52. d7 Nd5 53. Bb3 Ke5 54. Bc2 Bd8 55. Ke2 g5 56. Kf2 Nf6 0-1

[Event "Lugano op 15th"]
[Site "Lugano"]
[Date "2012.11.01"]
[Round "1"]
[White "Tillmann, Marc"]
[Black "Agnello, Francesco Claudio"]
[Result "1-0"]
[WhiteElo "1993"]
[BlackElo "1741"]
[PlyCount "67"]
[EventDate "2012.11.01"]
[EventType "swiss"]
[EventRounds "7"]
[EventCountry "SUI"]
[SourceTitle "EXT 2013"]
[Source "ChessBase"]
[SourceDate "2012.11.22"]
[SourceVersion "1"]
[SourceVersionDate "2012.11.22"]
[SourceQuality "1"]

1. d4 Nf6 2. c4 g6 3. Nc3 Bg7 4. e4 d6 5. Be2 0-0 6. Bg5 Nbd7 7. Qd2 b6 8. h4 Bb7 9. f3 Nh5 10. g4 Ng3 11. Rh3 Nxe2 12. Ngxe2 c5 13. d5 Ne5 14. b3 Bc8 15. Bh6 e6 16. Bxg7 Kxg7 17. 0-0-0 Qf6 18. g5 Qe7 19. h5 f6 20. hxg6 Nxg6 21. gxf6+ Rxf6 22. Rdh1 Nf8 23. Qg5+ Kh8 24. Rg1 Qf7 25. Rhg3 Rg6 26. Qd8 e5 27. Rxg6 hxg6 28. Qxd6 Qg7 29. Rg5 Qh6 30. Qxe5+ Kg8 31. f4 Nd7 32. Qe6+ Kh8 33. Rxg6 Qh1+ 34. Kb2 1-0

[Event "IPCA Wch-A 11th"]
[Site "Piestany"]
[Date "2011.07.04"]
[Round "3"]
[White "Nowak, Lukasz1111"]
[Black "Tillmann, Marc"]
[Result "1/2-1/2"]
[WhiteElo "1596"]
[BlackElo "1954"]
[PlyCount "54"]
[EventDate "2011.07.02"]
[EventType "swiss"]
[EventRounds "9"]
[EventCountry "SVK"]
[SourceTitle "EXT 2012"]
[Source "ChessBase"]
[SourceDate "2011.11.24"]
[SourceVersion "1"]
[SourceVersionDate "2011.11.24"]
[SourceQuality "1"]

1. e4 e6 2. d4 d5 3. Nc3 Bb4 4. e5 c5 5. Bd2 a6 6. a3 cxd4 7. axb4 dxc3 8. Bxc3 Ne7 9. Qg4 Nf5 10. Nf3 h5 11. Qf4 Bd7 12. Bd3 g6 13. Bxf5 gxf5 14. Qg3 Qe7 15. Qg7 Qf8 16. Qxf8+ Kxf8 17. Nd4 Rg8 18. g3 Nc6 19. Nxc6 Bxc6 20. Bd4 Rc8 21. Kd2 Ke7 22. Rhe1 Bb5 23. b3 Rg4 24. Bc5+ Kd7 25. f3 Rg6 26. Bf2 Rcg8 27. Rg1 Rd8 1/2-1/2

[Event "Lenk op"]
[Site "Lenk"]
[Date "2011.04.21"]
[Round "1"]
[White "Raetsky, Alexander"]
[Black "Tillmann, Marc"]
[Result "1-0"]
[WhiteElo "2430"]
[BlackElo "1949"]
[PlyCount "45"]
[EventDate "2011.04.21"]
[EventType "swiss"]
[EventRounds "7"]
[EventCountry "SUI"]
[SourceTitle "CBM 142 Extra"]
[Source "ChessBase"]
[SourceDate "2011.06.27"]
[SourceVersion "1"]
[SourceVersionDate "2011.06.27"]
[SourceQuality "1"]

1. e4 e6 2. d4 d5 3. Nc3 Bb4 4. e5 c5 5. Qg4 Ne7 6. dxc5 Nbc6 7. Bd2 Qc7 8. Nf3 Nf5 9. Bd3 h5 10. Qf4 Bxc3 11. Bxc3 Bd7 12. Bxf5 exf5 13. Qg5 Be6 14. 0-0-0 Qe7 15. Qxg7 0-0-0 16. Qf6 Qxc5 17. Nd4 Nxd4 18. Bxd4 Qa5 19. Rd3 Rhg8 20. Rhd1 Rxg2 21. Ra3 Qb4 22. Rc3+ Kd7 23. Rb3 1-0

[Event "Bayern-chI Bank Hofmann 14th"]
[Site "Bad Wiessee"]
[Date "2010.11.04"]
[Round "7"]
[White "Fradkin, Boris"]
[Black "Tillmann, Marc"]
[Result "1-0"]
[WhiteElo "2454"]
[BlackElo "2200"]
[PlyCount "123"]
[EventDate "2010.10.30"]
[EventType "swiss"]
[EventRounds "9"]
[EventCountry "GER"]
[SourceTitle "EXT 2011"]
[Source "ChessBase"]
[SourceDate "2010.11.26"]
[SourceVersion "1"]
[SourceVersionDate "2010.11.26"]
[SourceQuality "1"]

1. d4 Nf6 2. c4 e6 3. Nf3 c5 4. Nc3 cxd4 5. Nxd4 Nc6 6. e3 Be7 7. Be2 0-0 8. 0-0 Qa5 9. a3 a6 10. Bd2 Qc7 11. Rc1 d6 12. b4 Bd7 13. Nf3 Rac8 14. e4 Qb8 15. h3 Rfd8 16. Be3 Be8 17. Bb6 Rd7 18. Qd2 Bd8 19. Qe3 Bxb6 20. Qxb6 Rdd8 21. Rfd1 Nd7 22. Qe3 Nce5 23. Nd2 Nf6 24. f4 Ng6 25. g3 d5 26. cxd5 exd5 27. exd5 Nxd5 28. Nxd5 Rxd5 29. Nc4 Bc6 30. Rxd5 Bxd5 31. Nb6 Rxc1+ 32. Qxc1 Bc6 33. Qe3 Qd6 34. Kf2 h6 35. Qd3 Qe7 36. Nc4 Qf6 37. Qe3 Ne7 38. Qe5 Qxe5 39. Nxe5 Bd5 40. Bd3 f6 41. Nd7 Kf7 42. Nc5 Ke8 43. Ke3 Kd8 44. Be4 Kc7 45. Bxd5 Nxd5+ 46. Kd4 Kc6 47. Ne6 Nc7 48. Nxg7 Nb5+ 49. Kd3 Nxa3 50. Nh5 Kb5 51. Nxf6 Kxb4 52. g4 Nc4 53. h4 Nd6 54. g5 Nf5 55. h5 a5 56. Nd5+ Kc5 57. Ne3 Ng3 58. gxh6 Nxh5 59. Ke4 Kd6 60. Ng4 Ng3+ 61. Kd3 Nh5 62. Ke3 1-0

[Event "Davos op"]
[Site "Davos"]
[Date "2008.08.12"]
[Round "3"]
[White "Tillmann, Marc"]
[Black "Bebchuk, Leonid"]
[Result "0-1"]
[WhiteElo "1982"]
[BlackElo "2125"]
[PlyCount "72"]
[EventDate "2008.08.10"]
[EventType "swiss"]
[EventRounds "7"]
[EventCountry "SUI"]
[SourceTitle "CBM 126 Extra"]
[Source "ChessBase"]
[SourceDate "2008.11.05"]
[SourceVersion "1"]
[SourceVersionDate "2008.11.05"]
[SourceQuality "1"]

1. d4 d5 2. Nf3 Nf6 3. c4 e6 4. Bg5 Be7 5. Nc3 h6 6. Bh4 0-0 7. e3 b6 8. cxd5 Nxd5 9. Bxe7 Qxe7 10. e4 Nxc3 11. bxc3 Bb7 12. Bd3 c5 13. 0-0 Nc6 14. d5 exd5 15. exd5 Ne5 16. Re1 Nxf3+ 17. Qxf3 Qg5 18. c4 Rfe8 19. Qf5 Qxf5 20. Bxf5 Ba6 21. Bd7 Rxe1+ 22. Rxe1 Rd8 23. Re8+ Rxe8 24. Bxe8 Kf8 25. Bc6 Ke7 26. d6+ Kxd6 27. Bd5 f6 28. f4 b5 29. Kf2 bxc4 30. Bg8 c3 31. Ke3 Bb7 32. Bh7 Bxg2 33. Kd3 g5 34. fxg5 hxg5 35. Kxc3 Bd5 36. a3 Ke5 0-1